000 00596nam a2200229 i 4500
001 66670
003 ES-MaACL
005 20250315062548.0
007 t|
008 030430s2004 sp ||||1| spa d
020 _a84-321-3440-6
080 _a821.134.2-14"19"
100 1 _aVela, Javier.
_9113676
245 1 3 _aLa hora del crepúsculo /
_cJavier Vela.
260 _aMadrid :
_bRialp,
_c[2004]
300 _a66 p. ;
_c18 cm.
490 1 _aAdonáis ;
_v572
586 _aPremio Adonáis 2003
830 1 0 _aAdonáis
_v572
_9173743
852 4 _aES-MaACL
_jJ-23-572
999 _c66670
_d66670